| 000 | 01553nam0a2200361 4500 | ||
|---|---|---|---|
| 001 | RU\NLR\BIBL_A\022678172 | ||
| 005 | 20260130164554.0 | ||
| 010 |
_a978-5-9268-4863-9 _93000 |
||
| 021 |
_aRU _bКН-П-25-064721 _9КН-П-25-6272 |
||
| 035 | _a(NLR Aleph) 022678172 | ||
| 090 |
_a13539893 _c13539893 |
||
| 100 | _a20251203d2025 d y0rusy50 ca | ||
| 101 | 0 | _arus | |
| 102 | _aRU | ||
| 105 | _aa z 000ay | ||
| 181 | 0 |
_ai3 _baxxe |
|
| 181 | 0 |
_ab2 _bxb2e |
|
| 182 | 0 | _an | |
| 200 | 1 |
_aПовесть о Ходже Насреддине _eдля детей среднего и старшего школьного возраста _fЛеонид Соловьёв _gхудожник Станислав Забалуев |
|
| 203 |
_aТекст _aИзображение _bвизуальные _cнепосредственные |
||
| 210 |
_aСанкт-Петербург _aМосква _cРечь _d2025 |
||
| 215 |
_a494, [2] с. _cил. _d24 |
||
| 327 | 1 | _aСодерж.: Кн. 1. Возмутитель спокойствия; Кн. 2. Очарованный принц | |
| 333 | _a12+ | ||
| 686 | 0 | _aШ9(2)62=Р7-4 | |
| 700 | 1 |
_7ca _8rus _aСоловьев _bЛ. В. _cписатель _f1906-1962 _gЛеонид Васильевич _924026 _3RU\NLR\AUTH\7741075 |
|
| 702 | 1 |
_aЗабалуев _bС. М. _f1928-1964 _gСтанислав Михайлович _4040 |
|
| 942 | _cBOOK | ||
| 980 | _aNB | ||